00934nam a2200253Ia 4500001001100000003000800011006001900019007001500038008004100053040002100094035002100115050002300136100003000159245005400189260004400243300000900287533015200296650002200448650002400470655002900494710001700523856012500540999001500665ebr5000803CaPaEBRm u cr cn|||||||||010518s2001 vau s 000 0 eng d aCaPaEBRcCaPaEBR a(OCoLC)68063291714aPR3567b.A1 2001eb1 aMilton, John,d1608-1674.10aSonnetsh[electronic resource] /cby John Milton. aBlacksburg, VA :bVirginia Tech,c2001. a5 p. aElectronic reproduction.bPalo Alto, Calif. :cebrary,d2011.nAvailable via World Wide Web.nAccess may be limited to ebrary affiliated libraries. 0aSonnets, English. 0aEnglish literature. 7aElectronic books.2local2 aebrary, Inc.40uhttp://site.ebrary.com/lib/rucke/Doc?id=5000803zAn electronic book accessible through the World Wide Web; click to view c2989d2989